Agile Methods (Запис № 449738)

МАРК-запис
000 -LEADER
fixed length control field 04440nam a22006135i 4500
001 - CONTROL NUMBER
control field 978-3-319-55907-0
003 - CONTROL NUMBER IDENTIFIER
control field DE-He213
005 - DATE AND TIME OF LATEST TRANSACTION
control field 20210118140359.0
007 - PHYSICAL DESCRIPTION FIXED FIELD--GENERAL INFORMATION
fixed length control field cr nn 008mamaa
008 - FIXED-LENGTH DATA ELEMENTS--GENERAL INFORMATION
fixed length control field 170323s2017 gw | s |||| 0|eng d
020 ## - INTERNATIONAL STANDARD BOOK NUMBER
International Standard Book Number 9783319559070
-- 978-3-319-55907-0
024 7# - OTHER STANDARD IDENTIFIER
Standard number or code 10.1007/978-3-319-55907-0
Source of number or code doi
050 #4 - LIBRARY OF CONGRESS CALL NUMBER
Classification number QA76.9.M3
072 #7 - SUBJECT CATEGORY CODE
Subject category code UYZM
Source bicssc
072 #7 - SUBJECT CATEGORY CODE
Subject category code BUS083000
Source bisacsh
072 #7 - SUBJECT CATEGORY CODE
Subject category code UYZM
Source thema
072 #7 - SUBJECT CATEGORY CODE
Subject category code UKR
Source thema
082 04 - DEWEY DECIMAL CLASSIFICATION NUMBER
Classification number 005.74
Edition number 23
245 10 - TITLE STATEMENT
Title Agile Methods
Medium [electronic resource] :
Remainder of title 7th Brazilian Workshop, WBMA 2016, Curitiba, Brazil, November 7-9, 2016, Revised Selected Papers /
Statement of responsibility, etc edited by Tiago Silva da Silva, Bernardo Estácio, Josiane Kroll, Rafaela Mantovani Fontana.
250 ## - EDITION STATEMENT
Edition statement 1st ed. 2017.
264 #1 -
-- Cham :
-- Springer International Publishing :
-- Imprint: Springer,
-- 2017.
300 ## - PHYSICAL DESCRIPTION
Extent X, 149 p. 28 illus.
Other physical details online resource.
336 ## -
-- text
-- txt
-- rdacontent
337 ## -
-- computer
-- c
-- rdamedia
338 ## -
-- online resource
-- cr
-- rdacarrier
347 ## -
-- text file
-- PDF
-- rda
490 1# - SERIES STATEMENT
Series statement Communications in Computer and Information Science,
Міжнародний стандартний серійний номер для назви серії (ISSN) 1865-0929 ;
Том/ позначення послідовності 680
505 0# - FORMATTED CONTENTS NOTE
Formatted contents note An Empirical Study on the Adoption of Agile Software Development in Public Organizations -- Using Agile Methods in Distributed Software Development Environments -- Gamification Use in Agile Project Management -- Application of Scrum Maturity Model in Softdesign Company -- Modeling in Agile Software Development -- Strategies for Reducing Technical Debt in Agile Teams -- ReTest: Framework for Applying TDD in the Development of Non-deterministic Algorithms -- Validation Board: Invalidating Ideas and Discovering the Problems that Must be Solved -- IBM Design Thinking Software Development Framework -- SimKan: training Kanban practices through stochastic simulation -- Predicting the Unpredictable: Using Monte Carlo Simulation to Predict Project Completion Date -- Scrum Hero: Gamifying the Scrum Framework -- Motivating Factors In Agile and Traditional Software Development Methods -- Quality Assurance in Agile Software Development.
520 ## - SUMMARY, ETC.
Summary, etc This book constitutes revised selected papers from the 7th Brazilian Workshop on Agil Methods, WBMA 2016, held in Curitiba, Brazil, in November 2016. The 10 full and 4 short papers presented in this volume were carefully reviewed and selected from 35 submissions. The papers present empirical results and literature reviews on agile implementation in government and distributed environments, design thinking and projects inception, testing and technical debt, motivation and gamification, training, modeling and project management, maturity models and quality assurance.
506 ## - RESTRICTIONS ON ACCESS NOTE
Terms governing access Available to subscribing member institutions only. Доступно лише організаціям членам підписки.
506 ## - RESTRICTIONS ON ACCESS NOTE
Standardized terminology for access restriction Online access from local network of NaUOA.
506 ## - RESTRICTIONS ON ACCESS NOTE
Standardized terminology for access restriction Online access with authorization at https://link.springer.com/
506 ## - RESTRICTIONS ON ACCESS NOTE
Standardized terminology for access restriction Онлайн-доступ з локальної мережі НаУОА.
506 ## - RESTRICTIONS ON ACCESS NOTE
Standardized terminology for access restriction Онлайн доступ з авторизацією на https://link.springer.com/
650 #0 - SUBJECT ADDED ENTRY--TOPICAL TERM
Topical term or geographic name as entry element Management information systems.
650 #0 - SUBJECT ADDED ENTRY--TOPICAL TERM
Topical term or geographic name as entry element Computer science.
650 #0 - SUBJECT ADDED ENTRY--TOPICAL TERM
Topical term or geographic name as entry element Software engineering.
650 14 - SUBJECT ADDED ENTRY--TOPICAL TERM
Topical term or geographic name as entry element Management of Computing and Information Systems.
-- http://scigraph.springernature.com/things/product-market-codes/I24067
650 24 - SUBJECT ADDED ENTRY--TOPICAL TERM
Topical term or geographic name as entry element Software Engineering.
-- http://scigraph.springernature.com/things/product-market-codes/I14029
700 1# - ADDED ENTRY--PERSONAL NAME
Personal name Silva da Silva, Tiago.
Relator term editor.
Relator code edt
-- http://id.loc.gov/vocabulary/relators/edt
700 1# - ADDED ENTRY--PERSONAL NAME
Personal name Estácio, Bernardo.
Relator term editor.
Relator code edt
-- http://id.loc.gov/vocabulary/relators/edt
700 1# - ADDED ENTRY--PERSONAL NAME
Personal name Kroll, Josiane.
Relator term editor.
Relator code edt
-- http://id.loc.gov/vocabulary/relators/edt
700 1# - ADDED ENTRY--PERSONAL NAME
Personal name Mantovani Fontana, Rafaela.
Relator term editor.
Relator code edt
-- http://id.loc.gov/vocabulary/relators/edt
710 2# - ADDED ENTRY--CORPORATE NAME
Corporate name or jurisdiction name as entry element SpringerLink (Online service)
773 0# - HOST ITEM ENTRY
Title Springer eBooks
776 08 - ADDITIONAL PHYSICAL FORM ENTRY
Display text Printed edition:
International Standard Book Number 9783319559063
776 08 - ADDITIONAL PHYSICAL FORM ENTRY
Display text Printed edition:
International Standard Book Number 9783319559087
830 #0 - SERIES ADDED ENTRY--UNIFORM TITLE
Uniform title Communications in Computer and Information Science,
-- 1865-0929 ;
Volume number/sequential designation 680
856 40 - ELECTRONIC LOCATION AND ACCESS
Uniform Resource Identifier <a href="https://doi.org/10.1007/978-3-319-55907-0">https://doi.org/10.1007/978-3-319-55907-0</a>
912 ## -
-- ZDB-2-SCS
942 ## - ADDED ENTRY ELEMENTS (KOHA)
Koha item type ЕКнига

Немає доступних примірників.